Welcome to CU Library Online Public Access Catalogue (OPAC)

Concept formalization in nursing : (Record no. 8540)

MARC details
000 -LEADER
fixed length control field 00755cam a2200229 i 4500
001 - CONTROL NUMBER
control field 1339037
005 - DATE AND TIME OF LATEST TRANSACTION
control field 20251211095739.0
008 - FIXED-LENGTH DATA ELEMENTS--GENERAL INFORMATION
fixed length control field 800116s1979 maua b 001 0 eng
020 ## - INTERNATIONAL STANDARD BOOK NUMBER
International Standard Book Number 0316614211
020 ## - INTERNATIONAL STANDARD BOOK NUMBER
International Standard Book Number 9780316614214
050 00 - LIBRARY OF CONGRESS CALL NUMBER
Classification number RT84.5
Item number .N86 1979
082 00 - DEWEY DECIMAL CLASSIFICATION NUMBER
Classification number 610.73
110 2# - MAIN ENTRY--CORPORATE NAME
Corporate name or jurisdiction name as entry element Nursing Development Conference Group.
245 10 - TITLE STATEMENT
Title Concept formalization in nursing :
Remainder of title process and product /
Statement of responsibility, etc. by the Nursing Development Conference Group ; edited by Dorothea E. Orem.
250 ## - EDITION STATEMENT
Edition statement 2d ed.
260 ## - PUBLICATION, DISTRIBUTION, ETC.
Place of publication, distribution, etc. Boston :
Name of publisher, distributor, etc. Little, Brown,
Date of publication, distribution, etc. c1979.
300 ## - PHYSICAL DESCRIPTION
Extent xi, 313 p. :
Other physical details diagrs. ;
Dimensions 22 cm.
650 #0 - SUBJECT ADDED ENTRY--TOPICAL TERM
Topical term or geographic name entry element Nursing
General subdivision Philosophy.
650 #0 - SUBJECT ADDED ENTRY--TOPICAL TERM
Topical term or geographic name entry element Concepts.
700 1# - ADDED ENTRY--PERSONAL NAME
Personal name Orem, Dorothea E.
Fuller form of name (Dorothea Elizabeth),
Dates associated with a name 1914-
942 ## - ADDED ENTRY ELEMENTS (KOHA)
Source of classification or shelving scheme Library of Congress Classification
Koha item type Books
Edition 2nd ed.
Suppress in OPAC No
999 ## -
-- 8540
-- 8540
Holdings
Withdrawn status Lost status Source of classification or shelving scheme Damaged status Not for loan Collection Home library Current library Shelving location Date acquired Total checkouts Full call number Barcode Date last seen Copy number Price effective from Koha item type
    Library of Congress Classification     Non-fiction Science Library (Miotso) Science Library (Miotso) Reference 12/11/2025   RT84.5 .N86 CON SLM00006584 12/11/2025 1 12/11/2025 Books
© 2023-2024 Copyright: Central University Libraries. All Rights Reserved | Created by: Mahone Tech Office